[Event "IBCA EU-chT blind 03rd"]
[Site "Genova"]
[Date "2023.04.26"]
[Round "6.1"]
[White "Kolpakov, Vladyslav"]
[Black "Eichstaedt, Mirko"]
[Result "1/2-1/2"]
[WhiteElo "2248"]
[BlackElo "2241"]
[PlyCount "31"]
[EventDate "2023.04.20"]
[EventType "team-swiss"]
[EventRounds "9"]
[EventCountry "ITA"]
[SourceTitle "CBM 213 Extra"]
[Source "ChessBase"]
[SourceDate "2023.05.31"]
[SourceVersion "1"]
[SourceVersionDate "2023.05.31"]
[SourceQuality "1"]
[WhiteTeam "Ukraine"]
[BlackTeam "Germany"]
[WhiteTeamCountry "UKR"]
[BlackTeamCountry "GER"]

1. e4 e5 2. Nf3 Nc6 3. Bb5 a6 4. Ba4 Nf6 5. 0-0 Be7 6. d3 b5 7. Bb3 d6 8. a3 0-0 9. Nc3 Bg4 10. h3 Bxf3 11. Qxf3 Nd4 12. Qg3 Nh5 13. Qg4 Nf6 14. Qg3 Nh5 15. Qg4 Nf6 16. Qg3 1/2-1/2

[Event "GER CupT"]
[Site "Germany"]
[Date "2023.01.28"]
[Round "1.1"]
[White "Eichstaedt, Mirko"]
[Black "Schiller, Jan Hendrik"]
[Result "1-0"]
[WhiteElo "2234"]
[BlackElo "1879"]
[PlyCount "57"]
[EventDate "2023.01.28"]
[EventType "team-k.o."]
[EventRounds "4"]
[EventCountry "GER"]
[SourceTitle "EXT 2024"]
[Source "ChessBase"]
[SourceDate "2023.10.10"]
[SourceVersion "1"]
[SourceVersionDate "2023.10.10"]
[SourceQuality "1"]
[WhiteTeam "DBSB"]
[BlackTeam "Verden"]
[WhiteTeamCountry "GER"]
[BlackTeamCountry "GER"]

1. d4 d5 2. c4 e6 3. Nf3 c6 4. Qb3 Nf6 5. g3 c5 6. cxd5 Qxd5 7. Nc3 Qxb3 8. axb3 Bd7 9. Bg2 Nc6 10. dxc5 Bxc5 11. 0-0 0-0 12. Bg5 Be7 13. Rfd1 Rfd8 14. Nd4 Nd5 15. Nxc6 bxc6 16. Bxe7 Nxe7 17. Na4 Nd5 18. e4 Nf6 19. Nc5 e5 20. f3 Kf8 21. Bf1 Ke7 22. Nd3 Rdb8 23. Ra3 Rb5 24. Rda1 a5 25. b4 a4 26. b3 Kd6 27. bxa4 Rb7 28. Rd1 g5 29. Nc5+ 1-0

[Event "IBCA EU-chT blind 2nd"]
[Site "Calimanesti"]
[Date "2019.10.05"]
[Round "1.1"]
[White "Eichstaedt, Mirko"]
[Black "Szilagyi, Samuel Attila"]
[Result "1-0"]
[WhiteElo "2217"]
[BlackElo "1898"]
[PlyCount "103"]
[EventDate "2019.10.05"]
[EventType "team-swiss"]
[EventRounds "9"]
[EventCountry "ROU"]
[SourceTitle "CBM 192 Extra"]
[Source "Chessbase"]
[SourceDate "2019.11.06"]
[SourceVersion "1"]
[SourceVersionDate "2019.11.06"]
[SourceQuality "1"]
[WhiteTeam "Germany"]
[BlackTeam "Hungary"]
[WhiteTeamCountry "GER"]
[BlackTeamCountry "HUN"]

1. d4 Nf6 2. Nf3 g6 3. g3 Bg7 4. Bg2 0-0 5. 0-0 d6 6. Re1 Nbd7 7. e4 e5 8. Nc3 c6 9. a4 b6 10. dxe5 Nxe5 11. Nd4 Qc7 12. f4 Bg4 13. Qd2 Nc4 14. Qd3 d5 15. exd5 cxd5 16. Nxd5 Nxd5 17. Bxd5 Rad8 18. Nc6 Rxd5 19. Qxd5 Na5 20. Nxa5 bxa5 21. c3 Rd8 22. Qg2 Bc8 23. h4 Bb7 24. Qf2 Qc6 25. Kh2 Qd5 26. Be3 Ra8 27. Rad1 Qc6 28. Bd4 Qxa4 29. Bxg7 Kxg7 30. Qd4+ Qxd4 31. Rxd4 Bc6 32. Rd6 Bf3 33. Re3 Bg4 34. Re5 a4 35. Ra5 Rb8 36. Rd2 Ra8 37. Rxa4 a6 38. Kg2 h6 39. Kf2 Kf8 40. Ra5 Be6 41. Rd6 Bc4 42. b3 Bxb3 43. Rdxa6 Re8 44. Ra8 Rxa8 45. Rxa8+ Ke7 46. Ke3 Kd6 47. Kd4 h5 48. c4 Ke6 49. c5 Kd7 50. Ra3 Bd1 51. Kd5 Kc7 52. c6 1-0

[Event "IBCA Wch Blind and Visually imp U22"]
[Site "Solec Zdroj"]
[Date "2018.08.22"]
[Round "8.2"]
[White "Eichstaedt, Mirko"]
[Black "Staskeviciute, Darija"]
[Result "1-0"]
[WhiteElo "2190"]
[BlackElo "1479"]
[PlyCount "69"]
[EventDate "2018.08.14"]
[EventType "swiss"]
[EventRounds "9"]
[EventCountry "POL"]
[SourceTitle "EXT 2024"]
[Source "ChessBase"]
[SourceDate "2023.10.10"]
[SourceVersion "1"]
[SourceVersionDate "2023.10.10"]
[SourceQuality "1"]

1. Nf3 d5 2. g3 g6 3. Bg2 Bg7 4. d4 c6 5. 0-0 Nd7 6. Re1 Ngf6 7. Bf4 Ne4 8. c3 Qb6 9. Qc1 c5 10. Nbd2 cxd4 11. cxd4 Bxd4 12. Nxd4 Qxd4 13. Nxe4 dxe4 14. Rd1 Qb4 15. a3 Qa4 16. Qc3 Nf6 17. Rd4 Qb5 18. Rxe4 Be6 19. Rb4 Qxe2 20. Bf3 Qa6 21. Bxb7 Qa5 22. Bxa8 0-0 23. Rb8 Qh5 24. Qe5 Qxe5 25. Bxe5 Nd7 26. Rxf8+ Kxf8 27. Bd4 a6 28. Rc1 f6 29. b4 Bf5 30. Rc7 Ke8 31. Bc6 Kd8 32. Ra7 Nb8 33. Bb6+ Kc8 34. Rc7+ Kd8 35. Rd7+ 1-0

[Event "IBCA Wch Blind and Visually imp U22"]
[Site "Solec Zdroj"]
[Date "2018.08.18"]
[Round "5.1"]
[White "Ermakov, Maksim"]
[Black "Eichstaedt, Mirko"]
[Result "0-1"]
[WhiteElo "1583"]
[BlackElo "2190"]
[PlyCount "68"]
[EventDate "2018.08.14"]
[EventType "swiss"]
[EventRounds "9"]
[EventCountry "POL"]
[SourceTitle "EXT 2024"]
[Source "ChessBase"]
[SourceDate "2023.10.10"]
[SourceVersion "1"]
[SourceVersionDate "2023.10.10"]
[SourceQuality "1"]

1. d4 d5 2. c4 c6 3. Nf3 Nf6 4. e3 g6 5. Nbd2 Bg7 6. b3 0-0 7. Bb2 Nbd7 8. Bd3 Re8 9. 0-0 e5 10. Nxe5 Nxe5 11. dxe5 Ng4 12. Nf3 Nxe5 13. Bxe5 Bxe5 14. Nxe5 Rxe5 15. Qc2 Qe7 16. Rad1 Bg4 17. Rd2 Rh5 18. g3 Rd8 19. Be2 Bxe2 20. Rxe2 dxc4 21. Qxc4 Rhd5 22. Rc1 Qf6 23. Kg2 h5 24. Qc3 Qe6 25. Qb4 R8d7 26. Rc4 a5 27. Qa3 b5 28. Rc5 h4 29. Rxd5 h3+ 30. Kf1 Qxd5 31. e4 Qd1+ 32. Re1 Qd3+ 33. Re2 Qf3 34. Re1 Rd2 0-1

[Event "IBCA World Cup 8th"]
[Site "Sofia"]
[Date "2018.07.22"]
[Round "2.1"]
[White "Rivas Cabrera, Edgar"]
[Black "Eichstaedt, Mirko"]
[Result "1/2-1/2"]
[WhiteElo "2041"]
[BlackElo "2190"]
[PlyCount "65"]
[EventDate "2018.07.21"]
[EventType "team-tourn"]
[EventRounds "7"]
[EventCountry "BUL"]
[SourceTitle "CBM 185 Extra"]
[Source "ChessBase"]
[SourceDate "2018.07.29"]
[SourceVersion "1"]
[SourceVersionDate "2018.07.29"]
[SourceQuality "1"]
[WhiteTeam "Venezuela (blind)"]
[BlackTeam "Germany (blind)"]
[WhiteTeamCountry "VEN"]
[BlackTeamCountry "GER"]

1. c4 Nf6 2. Nf3 c6 3. Nc3 d5 4. e3 g6 5. Be2 Bg7 6. 0-0 0-0 7. d4 Be6 8. b3 c5 9. Bb2 Nc6 10. Na4 cxd4 11. cxd5 Bxd5 12. Nxd4 Nxd4 13. Bxd4 Bc6 14. Bf3 Bxf3 15. Qxf3 Qd5 16. Rac1 Qxf3 17. gxf3 b5 18. Nc3 a6 19. Bxf6 Bxf6 20. Nd5 Bh4 21. Nc7 Rad8 22. Nxa6 Rd2 23. Nb4 Rfd8 24. Rc5 Rb2 25. Rcc1 Rd7 26. Rc2 Rxc2 27. Nxc2 Rd2 28. Nb4 Rd7 29. Nc2 Rd2 30. Nd4 b4 31. Nc6 Rxa2 32. Nxb4 Rb2 33. f4 1/2-1/2

[Event "GER-chT U20"]
[Site "Duesseldorf"]
[Date "2017.12.27"]
[Round "1.1"]
[White "Eichstaedt, Mirko"]
[Black "Kollars, Dmitrij"]
[Result "0-1"]
[WhiteElo "2147"]
[BlackElo "2501"]
[PlyCount "114"]
[EventDate "2017.12.27"]
[EventType "team-swiss"]
[EventRounds "7"]
[EventCountry "GER"]
[SourceTitle "CBM 182 Extra"]
[Source "ChessBase"]
[SourceDate "2018.02.23"]
[SourceVersion "1"]
[SourceVersionDate "2018.02.23"]
[SourceQuality "1"]
[WhiteTeam "Potsdam U20"]
[BlackTeam "Hamburger SK U20"]
[WhiteTeamCountry "GER"]
[BlackTeamCountry "GER"]

1. d4 Nf6 2. c4 g6 3. Nc3 Bg7 4. e4 0-0 5. f3 d6 6. Be3 c5 7. dxc5 dxc5 8. Qxd8 Rxd8 9. Bxc5 Nc6 10. Be3 b6 11. Rc1 Nd7 12. b3 Nc5 13. Nd5 e6 14. Bg5 exd5 15. Bxd8 dxe4 16. Bg5 Nb4 17. Rd1 Bf5 18. g4 Be6 19. h3 Nxa2 20. Rh2 Nc3 21. Rd8+ Rxd8 22. Bxd8 Nxb3 23. fxe4 a5 24. Be7 Nxe4 25. Nf3 Nbc5 26. Ra2 b5 27. Ng5 Nxg5 28. Bxc5 a4 29. Ra3 Bb2 30. cxb5 Ne4 31. Rxa4 Nxc5 32. Ra8+ Kg7 33. Bg2 Nd7 34. Bc6 Nb6 35. Rb8 Bd4 36. Ke2 h6 37. Kf3 Kf6 38. h4 g5 39. h5 Nc4 40. Ba8 Ba7 41. Rd8 Ne5+ 42. Ke4 Ke7 43. Rh8 Nxg4 44. Bc6 Kf6 45. Ra8 Bg1 46. Ra1 Bc5 47. Ra6 Nf2+ 48. Kf3 Ng4 49. Be4 Ne5+ 50. Kg2 Nc4 51. Bb1 Nb6 52. Ba2 Bg4 53. Ra7 Bxh5 54. Rc7 Bd4 55. Rc6+ Kg7 56. Bb1 Be2 57. Rd6 Bc5 0-1

[Event "IBCA-ol blind 15th"]
[Site "Ohrid"]
[Date "2017.06.21"]
[Round "3.2"]
[White "Began, Branko"]
[Black "Eichstaedt, Mirko"]
[Result "0-1"]
[WhiteElo "1852"]
[BlackElo "2160"]
[PlyCount "42"]
[EventDate "2017.06.19"]
[EventType "team-swiss"]
[EventRounds "9"]
[EventCountry "MKD"]
[SourceTitle "CBM 179 Extra"]
[Source "ChessBase"]
[SourceDate "2017.08.23"]
[SourceVersion "1"]
[SourceVersionDate "2017.08.23"]
[SourceQuality "1"]
[WhiteTeam "Croatia"]
[BlackTeam "Germany"]
[WhiteTeamCountry "CRO"]
[BlackTeamCountry "GER"]

1. d4 d5 2. Nf3 Nf6 3. e3 Bg4 4. c4 c6 5. Nc3 e6 6. Qb3 Qb6 7. c5 Qc7 8. Ne5 Bf5 9. f4 Nbd7 10. Qd1 Nxe5 11. fxe5 Ne4 12. Nxe4 Bxe4 13. Qd2 Be7 14. Qf2 0-0 15. Be2 f6 16. exf6 Rxf6 17. Qg1 Rg6 18. g3 Rh6 19. Bd2 Bxh1 20. e4 Bxe4 21. Bxh6 gxh6 0-1

[Event "GER CupT 1617 prel5"]
[Site "Knuellwald"]
[Date "2017.01.28"]
[Round "1.2"]
[White "Eichstaedt, Mirko"]
[Black "Oppitz, Peter"]
[Result "0-1"]
[WhiteElo "2191"]
[BlackElo "2099"]
[PlyCount "86"]
[EventDate "2017.01.28"]
[EventType "team-k.o."]
[EventRounds "2"]
[EventCountry "GER"]
[SourceTitle "EXT 2019"]
[Source "ChessBase"]
[SourceDate "2018.10.10"]
[SourceVersion "1"]
[SourceVersionDate "2018.10.10"]
[SourceQuality "1"]
[WhiteTeam "DBSB"]
[BlackTeam "Wolfenbuettel"]
[WhiteTeamCountry "GER"]
[BlackTeamCountry "GER"]

1. d4 Nf6 2. Nf3 g6 3. g3 Bg7 4. Bg2 0-0 5. 0-0 d6 6. a4 Nbd7 7. a5 c6 8. Nc3 Qc7 9. e4 e5 10. h3 Re8 11. Re1 exd4 12. Nxd4 Nc5 13. Bf4 Nh5 14. Be3 Bd7 15. Nde2 Nf6 16. Bxc5 dxc5 17. f4 Rad8 18. Qc1 Be6 19. e5 Nd5 20. Ne4 b6 21. Kh2 Rf8 22. Ra3 f6 23. c4 Nb4 24. exf6 Bxf6 25. Nxf6+ Rxf6 26. Qc3 Rff8 27. axb6 axb6 28. Rea1 Rd3 29. Qc1 Qd6 30. Ng1 g5 31. Ra8 gxf4 32. gxf4 Rd4 33. Ne2 Rxc4 34. Qe3 Bc8 35. Be4 Nd5 36. Qg3+ Kh8 37. Bxd5 cxd5 38. Rg1 Qf6 39. Nc3 Qxf4 40. Nxd5 Rc2+ 41. Kh1 Qe4+ 42. Rg2 Rxg2 43. Qxg2 Rf1+ 0-1

[Event "Pyramiden Franken Cup"]
[Site "Fuerth"]
[Date "2016.09.03"]
[Round "5"]
[White "Eichstaedt, Mirko"]
[Black "Kornitzky, Tino"]
[Result "0-1"]
[WhiteElo "2236"]
[BlackElo "2045"]
[PlyCount "84"]
[EventDate "2016.09.01"]
[EventType "swiss"]
[EventRounds "7"]
[EventCountry "GER"]
[SourceTitle "CBM 174 Extra"]
[Source "ChessBase"]
[SourceDate "2016.10.10"]
[SourceVersion "1"]
[SourceVersionDate "2016.10.10"]
[SourceQuality "1"]

1. d4 d5 2. c4 e6 3. Nc3 Nf6 4. cxd5 exd5 5. Bg5 Nbd7 6. e3 c6 7. Qc2 Be7 8. Bd3 Nh5 9. Bxe7 Qxe7 10. 0-0-0 g6 11. g4 Ng7 12. Nf3 Nb6 13. h3 Be6 14. Kb1 0-0-0 15. Na4 Nxa4 16. Qxa4 Kb8 17. Rc1 h5 18. g5 Bf5 19. Bxf5 Nxf5 20. Ne5 Rc8 21. Rc5 Qxg5 22. Rhc1 Qe7 23. R1c3 Nd6 24. Ra3 a6 25. Qb4 Ne4 26. Rc4 c5 27. Rxc5 Nxc5 28. Rc3 Ka8 29. Rxc5 Rxc5 30. Qxc5 Qxc5 31. dxc5 Rc8 32. b4 Rc7 33. Kc2 Re7 34. Nf3 Kb8 35. Kd3 Re4 36. a3 f6 37. Ke2 Kc7 38. Ng1 Kc6 39. f4 d4 40. Kd3 Rxe3+ 41. Kxd4 Rxa3 42. Kc4 b5+ 0-1

[Event "IBCA EU-chT blind 01st"]
[Site "Warsaw"]
[Date "2016.07.25"]
[Round "2.2"]
[White "Eichstaedt, Mirko"]
[Black "Meshkov, Yuri A"]
[Result "0-1"]
[WhiteElo "2241"]
[BlackElo "2350"]
[PlyCount "90"]
[EventDate "2016.07.24"]
[EventType "team-swiss"]
[EventRounds "9"]
[EventCountry "POL"]
[SourceTitle "CBM 173 Extra"]
[Source "ChessBase"]
[SourceDate "2016.08.29"]
[SourceVersion "1"]
[SourceVersionDate "2016.08.29"]
[SourceQuality "1"]
[WhiteTeam "Germany"]
[BlackTeam "Russia"]
[WhiteTeamCountry "GER"]
[BlackTeamCountry "RUS"]

1. d4 Nf6 2. Nf3 d6 3. g3 Bf5 4. Bg2 Qc8 5. 0-0 h6 6. Nc3 c6 7. Re1 d5 8. Ne5 Nbd7 9. e4 dxe4 10. Nxe4 Nxe4 11. Bxe4 Bxe4 12. Rxe4 Nf6 13. Re2 e6 14. c4 Be7 15. Bd2 0-0 16. Bc3 Rd8 17. Qe1 b5 18. d5 cxd5 19. cxb5 Ne4 20. Rc1 Qb7 21. Nc6 Rdc8 22. Nxe7+ Qxe7 23. a4 Qc5 24. Rec2 Qc4 25. Bxg7 Qxc2 26. Rxc2 Rxc2 27. Bxh6 Rxf2 28. Qd1 Rf6 29. Be3 Rg6 30. Bd4 f6 31. Qc2 f5 32. Qc6 Rf8 33. Bxa7 f4 34. Bd4 fxg3 35. hxg3 Nxg3 36. Be5 Ne2+ 37. Kh2 Rf2+ 38. Kh3 Ng1+ 39. Kh4 Nf3+ 40. Kh3 Nxe5 41. Qc8+ Rf8 42. Qc7 Rf3+ 43. Kh2 Rf5 44. Qd8+ Kg7 45. Qe7+ Nf7 0-1

[Event "GER CupT prel3"]
[Site "Knuellwald"]
[Date "2016.01.24"]
[Round "2.2"]
[White "Wittke, Rene"]
[Black "Eichstaedt, Mirko"]
[Result "1/2-1/2"]
[WhiteElo "2154"]
[BlackElo "2197"]
[PlyCount "66"]
[EventDate "2016.01.23"]
[EventType "team-k.o."]
[EventRounds "2"]
[EventCountry "GER"]
[SourceTitle "EXT 2017"]
[Source "ChessBase"]
[SourceDate "2016.10.25"]
[SourceVersion "1"]
[SourceVersionDate "2016.10.25"]
[SourceQuality "1"]
[WhiteTeam "Lieme"]
[BlackTeam "DBSB"]
[WhiteTeamCountry "GER"]
[BlackTeamCountry "GER"]

1. e4 e5 2. Nc3 Nf6 3. f4 d5 4. fxe5 Nxe4 5. d3 Nxc3 6. bxc3 d4 7. Nf3 Nc6 8. cxd4 Bb4+ 9. Bd2 Bxd2+ 10. Qxd2 Nxd4 11. Be2 Nxf3+ 12. Bxf3 Qd4 13. Rb1 0-0 14. Be4 f5 15. exf6 Rxf6 16. Rf1 Bg4 17. Rxf6 Qxf6 18. Qf2 Qe5 19. Qe3 Qa5+ 20. Kf2 Qxa2 21. Rxb7 Rf8+ 22. Kg3 Qe6 23. Qd4 Qh6 24. Bd5+ Kh8 25. Qxg4 Qd6+ 26. Kh3 Qxd5 27. Rxc7 Qe5 28. Rc8 Qe3+ 29. g3 Qh6+ 30. Kg2 Qd2+ 31. Kh3 Qh6+ 32. Kg2 Qd2+ 33. Kh3 Qh6+ 1/2-1/2

[Event "GER CupT prel3"]
[Site "Knuellwald"]
[Date "2016.01.23"]
[Round "1.2"]
[White "Eichstaedt, Mirko"]
[Black "Missbach, Bernd"]
[Result "1-0"]
[WhiteElo "2197"]
[BlackElo "2110"]
[PlyCount "61"]
[EventDate "2016.01.23"]
[EventType "team-k.o."]
[EventRounds "2"]
[EventCountry "GER"]
[SourceTitle "EXT 2017"]
[Source "ChessBase"]
[SourceDate "2016.10.25"]
[SourceVersion "1"]
[SourceVersionDate "2016.10.25"]
[SourceQuality "1"]
[WhiteTeam "DBSB"]
[BlackTeam "Jena Jenapharm"]
[WhiteTeamCountry "GER"]
[BlackTeamCountry "GER"]

1. d4 g6 2. Nf3 Bg7 3. g3 c5 4. c3 cxd4 5. cxd4 Nf6 6. Bg2 0-0 7. 0-0 d6 8. Nc3 Nc6 9. h3 a6 10. a3 Rb8 11. e4 e5 12. Be3 b5 13. b4 Bb7 14. Qc2 exd4 15. Nxd4 Nxd4 16. Bxd4 Re8 17. Rac1 Rc8 18. Qb2 Rc4 19. Rfd1 Qe7 20. Nd5 Bxd5 21. exd5 Rec8 22. Rxc4 Rxc4 23. a4 Rc7 24. axb5 axb5 25. Bf1 Rb7 26. Rc1 Ne8 27. Bxg7 Nxg7 28. Rc8+ Ne8 29. Qa1 Qd7 30. Qa8 Kf8 31. Rxe8+ 1-0

[Event "GER-chT U20"]
[Site "Osnabrueck"]
[Date "2015.12.30"]
[Round "7.2"]
[White "Pluska, Alexander"]
[Black "Eichstaedt, Mirko"]
[Result "1/2-1/2"]
[WhiteElo "2068"]
[BlackElo "2131"]
[PlyCount "71"]
[EventDate "2015.12.27"]
[EventType "team-swiss"]
[EventRounds "7"]
[EventCountry "GER"]
[SourceTitle "EXT 2017"]
[Source "ChessBase"]
[SourceDate "2016.10.25"]
[SourceVersion "1"]
[SourceVersionDate "2016.10.25"]
[SourceQuality "1"]
[WhiteTeam "Kiel Doppelbauer"]
[BlackTeam "Potsdam"]
[WhiteTeamCountry "GER"]
[BlackTeamCountry "GER"]

1. Nf3 Nf6 2. d4 d5 3. g3 g6 4. Bg2 Bg7 5. 0-0 0-0 6. c4 c6 7. Nc3 Bf5 8. cxd5 cxd5 9. Qb3 Qb6 10. Nxd5 Nxd5 11. Qxd5 Rd8 12. Qb3 Qxb3 13. axb3 Nc6 14. e3 Be4 15. Bd2 e5 16. Bc3 exd4 17. Nxd4 Bxg2 18. Kxg2 Nxd4 19. exd4 Bxd4 20. Rfd1 Bb6 21. Rxd8+ Rxd8 22. Re1 Bc5 23. Bf6 Rc8 24. Rd1 h6 25. Rd7 g5 26. Rxb7 g4 27. Rd7 Rb8 28. Rd5 Bf8 29. Ra5 Rxb3 30. Rxa7 Bg7 31. Bc3 Bxc3 32. bxc3 Rxc3 33. Ra4 f5 34. Ra5 Rf3 35. Ra7 h5 36. h3 1/2-1/2

[Event "GER-chT U20"]
[Site "Osnabrueck"]
[Date "2015.12.29"]
[Round "5.2"]
[White "Uksini, Bardhyl"]
[Black "Eichstaedt, Mirko"]
[Result "1/2-1/2"]
[WhiteElo "2248"]
[BlackElo "2131"]
[PlyCount "87"]
[EventDate "2015.12.27"]
[EventType "team-swiss"]
[EventRounds "7"]
[EventCountry "GER"]
[SourceTitle "EXT 2017"]
[Source "ChessBase"]
[SourceDate "2016.10.25"]
[SourceVersion "1"]
[SourceVersionDate "2016.10.25"]
[SourceQuality "1"]
[WhiteTeam "Hamburger SK"]
[BlackTeam "Potsdam"]
[WhiteTeamCountry "GER"]
[BlackTeamCountry "GER"]

1. d4 d5 2. c4 c6 3. Nf3 Nf6 4. Nc3 dxc4 5. a4 Bf5 6. Nh4 Bc8 7. e3 e5 8. Bxc4 exd4 9. exd4 Be7 10. 0-0 0-0 11. Re1 Na6 12. Nf3 Nc7 13. Qb3 Nfd5 14. Ne5 Bf6 15. Ne4 Ne6 16. Bxd5 cxd5 17. Nxf6+ Qxf6 18. Be3 Rd8 19. Rac1 b6 20. a5 bxa5 21. Qb5 a6 22. Qxa5 Bb7 23. Qb6 Rab8 24. Qa7 Ba8 25. Rc2 Rb4 26. Rec1 Bb7 27. Nc6 Bxc6 28. Rxc6 Rxb2 29. Qxa6 h6 30. h3 Qf5 31. Rd6 Rxd6 32. Qxd6 Rb1 33. Rxb1 Qxb1+ 34. Kh2 Qe4 35. Qb8+ Kh7 36. Qe8 f5 37. g3 Ng5 38. Qxe4 Nxe4 39. h4 Kg6 40. Kg2 Kf6 41. Bf4 g5 42. Be5+ Kg6 43. hxg5 hxg5 44. Bc7 1/2-1/2